| 000 | 00568cam a22002051 4500 | ||
|---|---|---|---|
| 001 | ca 36000228 | ||
| 003 | DLC | ||
| 005 | 20260227111140.0 | ||
| 008 | 790904s1936 maua 000 0 eng | ||
| 010 | _aca 36000228 | ||
| 035 | _a(OCoLC)5339470 | ||
| 040 |
_aDLC _cOCl _dDLC |
||
| 042 | _apremarc | ||
| 050 | 0 | 0 |
_aPS3525.O5885 _bM8 1936 |
| 082 | _a812.5 | ||
| 100 | 1 | _aMoran, Hugh. | |
| 245 | 1 | 0 |
_aMud walls; _ba drama in one act, _cby Hugh Moran. |
| 260 |
_aBoston, Mass., _aLos Angeles, Cal. _b[Walter H. Baker company, _cc1936] |
||
| 300 |
_a19 p. _bdiagr. _c19 cm. |
||
| 999 |
_c18043 _d18043 |
||